Every Melanie Martinez Song - Statistics

General Stats
  • This quiz has been taken 82 times
  • The average score is 70 of 78
Answer Stats
Hint Answer % Correct
1 Crybaby
100%
1 Dollhouse
100%
2 Dollhouse
100%
1 DEATH
98%
2 IS THIS A CULT?
98%
5 Nurse's Office
98%
2 Class Fight
95%
5 DISNEY PRINCESS
95%
1 GARBAGE
95%
12 Mrs. Potato Head
95%
9 Orange Juice
95%
11 Pacify Her
95%
3 POSSESSION
95%
6 Soap
95%
9 Tag, You're It
95%
11 Teacher's Pet
95%
7 The Bakery
95%
15 THE VATICAN
95%
2 VOID
95%
1 Wheels on the Bus
95%
5 Alphabet Boy
93%
2 Carousel
93%
4 Carousel
93%
10 Detention
93%
6 GRUDGES
93%
8 Lunchbox Friends
93%
13 Mad Hatter
93%
16 MILK OF THE SIREN
93%
8 Pity Party
93%
14 Play Date
93%
13 Recess
93%
18 THE LAST TWO PEOPLE ON EARTH
93%
3 The Principal
93%
4 FAERIE SOIREE
91%
12 High School Sweethearts
91%
10 Milk and Cookies
91%
4 Numbers
91%
15 PLUTO
91%
6 SPIDER WEB
91%
7 Strawberry Shortcake
91%
15 Teddy Bear
91%
9 THE CONTORTIONIST
91%
3 TUNNEL VISION
91%
8 AVOIDANT
89%
8 BATTLE OF THE LARYNX
89%
16 Cake
89%
5 LIGHT SHOWER
89%
7 MONOPOLY MAN
89%
4 Show & Tell
89%
3 Sippy Cup
89%
11 THE PLAGUE
89%
4 WHITE BOY WITH A GUN
89%
12 BATSHIT INTELLIGENCE
86%
6 Drama Club
86%
12 EVIL
86%
2020 Fire Drill
86%
16 HELL'S FRONT PORCH
86%
11 NYMPHOLOGY
86%
14 POWDER
86%
7 Training Wheels
86%
14 UNCANNY VALLEY
86%
13 WOMB
86%
17 CHATROOM
84%
6 Field Trip
84%
5 Glued
84%
7 LEECHES
84%
9 MONOLITH
84%
1 Notebook
84%
4 Bittersweet Tragedy
82%
3 Brain & Heart
82%
2020 Copy Cat (feat. Tierra Whack)
82%
13 GUTTER
82%
10 MOON CYCLE
82%
10 WEIGHT WATCHERS
82%
3 Dead to Me
80%
2015 Gingerbread Man
80%
2 Test Me
80%
2017 Piggyback
64%
No matching quizzes found
Score Distribution
Percent of People with Each Score
Percentile by Number Answered
Your Score History
You have not taken this quiz